Statistics for Simon and Garfunkel - In Other Words

Click here to take the quiz!

General Stats

  • This quiz has been taken 328 times
    (134 since last reset)
  • The average score is 9 of 14

Answer Stats

HintAnswer% Correct
What a humble boulder might say?I Am a Rock
87%
Turbulent river crossing?Bridge Over Troubled Water
81%
The New World?America
79%
One who puts things in cardboard containers?The Boxer
75%
A newborn motorist?Baby Driver
73%
A beautiful town in Yorkshire? (Traditional English ballad)Scarborough Fair
69%
How you would address Ray Charles' wife?Mrs. Robinson
67%
What you hear in a vacuum?The Sound of Silence
65%
Where I can see non-indigenous animals?At The Zoo
61%
The coldest season's indistinct color?Hazy Shade of Winter
60%
Heading for where the heart is?Homeward Bound
53%
Weather condition with a chance of meatballs?Cloudy
50%
The patron saint of music and musicians?Cecilia
39%
Farewell, famous architect of New York's Guggenheim?So Long, Frank Lloyd Wright
39%

Score Distribution

Percentile by Number Answered

Percent of People with Each Score

Your Score History

You have not taken this quiz since the last reset